000 00438nam a2200193Ia 4500
001 11939
003 GE_BSU
008 181216s||||||||xx |||||||||||||| ||und||
040 _cGE_BSU
080 _a821.111-32
100 _aWhite,T.H.
245 4 _aThe once and future king.
260 _aGreat Britain.
260 _bFontana/Collins.
260 _c1982.
300 _a638p;18cm.
653 _aThe once and future king.
942 _cBK
999 _c45116
_d45116